000 00412nmm a2200145Ia 4500
008 251105s9999||||xx |||||||||||||||||und||
020 _a9789873607530
041 _aspa
100 _aFlores, José Antonio
245 0 _aFragmentos de Roma
264 _a[Buenos Aires, Argentina] :
_bEditorial Nobuko,
_c2014
300 _a210 páginas
856 _uhttps://public.digitaliapublishing.com/a/47692
942 _cCF
999 _c97369
_d97369